| 000 | 01025cam a22002651a 4500 | ||
|---|---|---|---|
| 001 | rc 01000996 | ||
| 003 | DLC | ||
| 005 | 20260227111902.0 | ||
| 008 | 800507s1856 iau 000 0 eng | ||
| 010 | _arc 01000996 | ||
| 035 | _a(OCoLC)6289072 | ||
| 040 |
_aDLC _cOCU _dWHi _dDLC |
||
| 042 | _apremarc | ||
| 043 | _an-us-ia | ||
| 050 | 0 | 0 |
_aF629.K3 _bC6 |
| 245 | 0 | 0 |
_aCity of Keokuk in 1856 : _ba view of the city, embracing its commerce and manufactures, and containing the inaugural address of Mayor Curtis, and statistical local information : also, a sketch of the Black Hawk War, and history of the Half Breed Tract / _chistorical and statistical matter written by Orion Clemens. |
| 260 |
_aKeokuk [Iowa] : _bPrintd by O. Clemens, _c1856. |
||
| 300 |
_a44 p. ; _c23 cm. |
||
| 651 | 0 |
_aKeokuk (Iowa) _xDescription and travel. |
|
| 651 | 0 |
_aKeokuk (Iowa) _xCommerce. |
|
| 650 | 0 |
_aIndustries _zIowa _zKeokuk. |
|
| 650 | 0 | _aBlack Hawk War, 1832. | |
| 700 | 1 |
_aClemens, Orion, _d1825-1897. |
|
| 740 | 0 | _aKeokuk in 1856. | |
| 999 |
_c51977 _d51977 |
||